000 00401nam a2200157Ia 4500
008 151213s9999 xx 000 0 und d
100 _aMd.Abdul Halim
245 _aConstitution Constitutional Law & Politics :Bangladesh Perspective
_cMd.Abdul Halim
250 _a3rd
260 _aDhaka
300 _a3220 p.
650 _aLaw
650 _aLaw
700 _aMd.Abdul Halim
999 _c2220
_d2220